Monia : Rytier veselej postavy

Bibliographic Details
Corporate Author: RT-VOX (hudobná skupina) (Author)
Format: Audio
Language:Czech
PhysicalDescription:1 gramofónová platňa 18 cm
Published: Praha Supraphon [1970]
Subjects:

MARC

LEADER 00000njm a2200000 4500
001 vtls012247879
003 SK-MaSNL
005 20260302012338.0
007 s m p a
008 240115t1970 xr g 000 0 cze
015 |a SNBJ1970 
028 1 1 |a 0 43 1008  |b SUPRAPHON 
028 2 1 |a D 03987/A B  |b SUPRAPHON 
028 2 1 |a D 03988/A A  |b SUPRAPHON 
040 |a SNK  |b slo  |c SNK  |e rda 
041 0 |a cze 
044 |a xr  |c CZ 
072 7 |a 78  |x Hudba  |2 konspekt 
080 |a (086.72)  |2 2011 
110 2 |a RT-VOX (hudobná skupina)  |4 aut  |9 313017 
245 1 0 |a Monia : Rytier veselej postavy  |c RT-VOX 
264 1 |a Praha  |b Supraphon  |c [1970] 
264 4 |c Ⓟ1970 
300 |a 1 gramofónová platňa  |c 18 cm 
336 |a hraná hudba  |b prm  |2 rdacontent 
337 |a audio  |b s  |2 rdamedia 
338 |a audiodisk  |b sd  |2 rdacarrier 
500 |a Gramoplatňa má 2 skladby 
655 7 |a gramofónové platne  |2 SNKPH  |9 74608 
655 7 |a Gramophone records  |2 SNKPHeng  |9 286457 
740 0 2 |a Rytier veselej postavy 
958 |a GP 
999 |c 1009196  |d 1011126 
952 |a SNK  |b SNK  |y PREZ  |7 0  |p 17A1421301  |o snk 45-431  |i snk3447/70  |0 0  |1 0  |4 0  |d 2024-01-15  |l 0  |r 2026-02-24 12:47:15  |w 2026-02-24 
952 |a SNKMST  |b SNKMST  |y PREZ  |7 0  |p 17A1421302  |o snk 45-431 D1  |i snk3522/70  |0 0  |1 0  |4 0  |d 2024-01-15  |l 0  |r 2026-02-24 12:47:15  |w 2026-02-24